000 00872nam a2200253 i 4500
003 DO-SdBNP
005 20231205134618.0
007 ta
008 100308s1967 d 000 spa d
040 _aDO-SdBNP
_bspa
_cBNPHU
_erda
082 _222
_bE56
100 1 _aEncarnación Nolasco, Luis
_984699
245 0 _aGeometría plana. /
_cLuis Encarnación Nolasco ; prólogo Medardo de la Cruz C.
264 1 _aSanto Domingo :
_bImpresos Colorama Offset,
_c1967.
300 _a159 páginas
_bgráficas
_c21 cm.
336 _2rdacontent
_atexto
_btxt
337 _2rdamedia
_asin mediación
_bn
338 _2rdacarrier
_avolumen
_bnc
500 _aAdaptado a la programación vigente en la República Dominicana par la educación secundaria.
590 _aInventariado, 2023/ YL
700 1 _aCruz C., Medardo de la
_984700
910 _aYLockward
942 _2ddc
_cLBS1
999 _c16121
_d16121